000 00571nam a2200193Ia 4500
005 20250508155826.0
008 008 250505s9999 xx 000 0 eng d
037 _aDissertations
040 _aFEDL
_beng
_cFEDL
041 _aeng
_2eng
084 _a371.4, VER/DI
_qFEDL
100 _aVerma Kailash Devi
_9767572
245 0 _aWorking of basic schools in Delhi in the light of progessive education in the U.S.A
260 _c1951
300 _a32p.
546 _aM.Ed Dissertation 1951
942 _cDIS
_h371.4, VER/DI
999 _c1359476
_d1359476